000 00615nam a2200205Ia 4500
003 IEPS
005 20250703135304.0
008 250223s9999||||xx |||||||||||||| ||und||
020 _a9789957832636
040 _CIEPS
041 _aara
082 _a153.4
100 _aحسن هناء رجب
245 0 _aالتفكير تعليمه و أساليب قياسه
260 _aعمان
_bمكتبة المجتمع العربي للنشر و التوزيع
_c2014
300 _a296 ص.
_bجداول ، صور ، مخططات
_c24 سم.
653 _aالتعلم
653 _aالتفكير
942 _cكتاب
999 _c12639
_d12639